Predicting rainfall erosion losses : a guide to conservation planning /

Bibliographic Details
Main Author: Wischmeier, Walter H., 1911-
Corporate Authors: United States. Science and Education Administration, Purdue University. Agricultural Experiment Station
Other Authors: Smith, Dwight David, 1905-
Format: Government Document eBook
Language:English
Published: [Washington, D.C.] : U.S. Dept. of Agriculture, Science and Education Administration, 1978.
Series:Agriculture handbook (United States. Department of Agriculture) ; no. 537.
Subjects:
Online Access:https://purl.fdlp.gov/GPO/gpo31516

MARC

Tag First Indicator Second Indicator Subfields
LEADER 00000cam a2200000 a 4500
001 in00002786496
005 20211120170311.0
006 m o d f
007 cr bn|||||||||
008 121119s1978 dcuab ob f000 0 eng c
035 |a (OCoLC)ocn818666777 
040 |a GPO  |c GPO  |d MvI  |d UtOrBLW 
042 |a pcc 
049 |a WWW 
074 |a 0003 (online) 
086 0 |a A 1.76:537 
100 1 |a Wischmeier, Walter H.,  |d 1911- 
245 1 0 |a Predicting rainfall erosion losses :  |b a guide to conservation planning /  |c Walter H. Wischmeier and Dwight D. Smith ; prepared by Science and Education Administration. 
264 1 |a [Washington, D.C.] :  |b U.S. Dept. of Agriculture, Science and Education Administration,  |c 1978. 
300 |a 1 online resource (67 unnumbered pages) :  |b illustrations, maps. 
336 |a text  |b txt  |2 rdacontent 
337 |a computer  |b c  |2 rdamedia 
338 |a online resource  |b cr  |2 rdacarrier 
490 1 |a Agriculture handbook ;  |v no. 537 
500 |a Title from title screen (viewed on Nov. 19, 2012). 
500 |a Prepared in cooperation with Purdue Agricultural Experiment Station. 
500 |a Supersedes Predicting rainfall-erosion losses from cropland east of the Rocky Mountains, Agriculture handbook number 282, issued May 1965. 
500 |a "December 1978." 
504 |a Includes bibliographical references (pages 48-49). 
500 |a Electronic resource. 
650 0 |a Erosion  |z United States. 
650 0 |a Soil conservation. 
700 1 |a Smith, Dwight David,  |d 1905- 
710 1 |a United States.  |b Science and Education Administration. 
710 2 |a Purdue University.  |b Agricultural Experiment Station. 
776 0 8 |i Print version:  |a Wischmeier, Walter H., 1911-  |t Predicting rainfall erosion losses  |w (OCoLC)4551431 
830 0 |a Agriculture handbook (United States. Department of Agriculture) ;  |v no. 537. 
856 4 0 |u https://purl.fdlp.gov/GPO/gpo31516  |t 0 
999 |a MARS 
999 f f |s fb8488e0-662f-39bc-bb9a-0545d4be844a  |i f394e9a9-dda9-3493-b8d8-7a474b6dab9a  |t 0 
952 f f |a Texas A&M University  |b College Station  |c Electronic Resources  |d Available Online  |t 0  |e A 1.76:537  |h Superintendent of Documents classification 
998 f f |a A 1.76:537  |t 0  |l Available Online